00214nam a22000977a 4500008004100000082001500041100000800056245003000064260001400094300000800108230621b xxu||||| |||| 00| 0 eng d a328.3bIPU cIPU aInter-Parliamentary Union bIPUc2000 a17p